| 000 | 00910nam a2200277 i 4500 | ||
|---|---|---|---|
| 001 | 000032158 | ||
| 003 | DO-SdBNP | ||
| 005 | 20250210120209.0 | ||
| 007 | ta | ||
| 008 | 110222s1980 dr r 000 | spa d | ||
| 040 |
_aDO-SdBNP _bspa _cBNPHU _erda |
||
| 082 | 4 |
_a461.52 _bM647a _222 |
|
| 100 | 1 |
_aMiller, Jeannette, _d1944- _eautor _4aut. _983484 |
|
| 245 | 1 | 0 |
_aActualización ortográfica / _cJeannette Miller ; prólogo, Raymundo Amaro Guzmán. |
| 264 | 4 |
_aSanto Domingo : _bONAP, _c1980. |
|
| 300 |
_a114 páginas ; _c22 cm. |
||
| 336 |
_atexto _btxt _2rdacontent |
||
| 337 |
_asin mediación _bn _2rdamedia |
||
| 338 |
_avolumen _bnc _2rdacarrier |
||
| 490 | 0 |
_aManuales técnicos ; _v3 |
|
| 590 | _aInventariado, 2018/BT | ||
| 650 | 4 |
_aEspañol _xOrtografía _91453 |
|
| 650 | 4 |
_aEspañol _xOrtografía _xEnseñanza _91228 |
|
| 700 | 1 |
_aAmaro Guzmán, Raymundo, _eprologuista _4pr. _9656 |
|
| 942 |
_2ddc _cLBS1 |
||
| 999 |
_c31649 _d31649 |
||